书目信息 |
| 题名: |
解码广告
|
|
| 作者: | 威廉森 著 ;马非白 译 | |
| 分册: | ||
| 出版信息: | 南京 南京大学出版社 2021.08 |
|
| 页数: | 218页 | |
| 开本: | 23cm | |
| 丛书名: | 当代学术棱镜译丛 | |
| 单 册: | ||
| 中图分类: | F713.80 | |
| 科图分类: | ||
| 主题词: | 广告学--guang gao xue--研究 | |
| 电子资源: | ||
| ISBN: | 978-7-305-08617-5 | |
| 000 | 01587nam 2200313 450 | |
| 001 | CAL 0120217224524 | |
| 005 | 20230308143222.0 | |
| 010 | @a978-7-305-08617-5@dCNY59.00 | |
| 100 | @a20210818d2021 em y0chiy0120 ea | |
| 101 | 1 | @achi@ceng |
| 102 | @aCN@b320000 | |
| 105 | @aa a 000yy | |
| 106 | @ar | |
| 200 | 1 | @a解码广告@Ajie ma guang gao@e广告的意识形态与含义@f(英) 朱迪斯·威廉森著@d= Decoding advertisements ideology and meaning in advertising@fJudith Williamson@g马非白译@zeng |
| 210 | @a南京@c南京大学出版社@d2021.08 | |
| 215 | @a218页@c图@d23cm | |
| 225 | 2 | @a当代学术棱镜译丛@Adang dai xue shu leng jing yi cong@i媒介文化系列 |
| 314 | @a朱迪斯·威廉森, 英国记者、学者、文化研究教授。马非白, 南京大学英美文学专业硕士。 | |
| 320 | @a有书目 (第217页) | |
| 330 | @a本书没有简单地批评广告的虚假和欺骗, 而是通过一百多张真实存在过的广告图片, 详细研究了它们毋庸置疑的吸引力从何而来。广告显然已成为社会经济中不可或缺的一部分, 它促使我们购买产品, 而威廉森从符号学和意识形态的角度研究纸媒广告, 告诉我们广告如何不着痕迹地达到其预设效果, 这可以用来了解我们生活的社会, 改变我们对社会最微妙和最复杂的宣传方式的看法。 | |
| 410 | 0 | @12001 @a当代学术棱镜译丛@i媒介文化系列 |
| 500 | 10 | @aDecoding advertisements : ideology and meaning in advertising@mChinese |
| 517 | 1 | @a广告的意识形态与含义@Aguang gao de yi shi xing tai yu han yi |
| 606 | 0 | @a广告学@Aguang gao xue@x研究 |
| 690 | @aF713.80@v5 | |
| 701 | 1 | @a威廉森@Awei lian sen@g(Williamson, Judith)@4著 |
| 702 | 0 | @a马非白@Ama fei bai@4译 |
| 801 | 0 | @aCN@bBJXHXP@c20230308 |
| 905 | @b1408415-8@dF713.80@e1413@f4 | |
| 解码广告:广告的意识形态与含义/(英) 朱迪斯·威廉森著= Decoding advertisements ideology and meaning in advertising/Judith Williamson/马非白译.-南京:南京大学出版社,2021.08 |
| 218页:图;23cm.-(当代学术棱镜译丛.媒介文化系列) |
| ISBN 978-7-305-08617-5:CNY59.00 |
| 本书没有简单地批评广告的虚假和欺骗, 而是通过一百多张真实存在过的广告图片, 详细研究了它们毋庸置疑的吸引力从何而来。广告显然已成为社会经济中不可或缺的一部分, 它促使我们购买产品, 而威廉森从符号学和意识形态的角度研究纸媒广告, 告诉我们广告如何不着痕迹地达到其预设效果, 这可以用来了解我们生活的社会, 改变我们对社会最微妙和最复杂的宣传方式的看法。 |
| ● |
| 相关链接 |
|
|
|
|
正题名:解码广告
索取号:F713.80/1413
 
预约/预借
| 序号 | 登录号 | 条形码 | 馆藏地/架位号 | 状态 | 备注 |
| 1 | 1408415 | 214084159 | 第一样本阅览室/ [索取号:F713.80/1413] | 在馆 | |
| 2 | 1408416 | 214084168 | 第一借阅区/ [索取号:F713.80/1413] | 在馆 | |
| 3 | 1408417 | 214084177 | 第一借阅区/ [索取号:F713.80/1413] | 在馆 | |
| 4 | 1408418 | 214084186 | 第一借阅区/ [索取号:F713.80/1413] | 在馆 |